00436nam a2200157Ia 4500008004100000020000700041082001600048100002200064245003900086250000700125260003800132300003000170500000700200600002100207650005000228240925s9999 xx 000 0 und d aNA a005.133 ANS aAnsari , M. Irfan 0aJava With Introduction to Internet aNA aIndia:bAnsari publishersc,1998. axviii,317p.bNAfOriginal aNA aComputer Science aComputer science, information & general works